| 000 | 00659nam a2200241Ia 4500 | ||
|---|---|---|---|
| 003 | OSt | ||
| 005 | 20221005133505.0 | ||
| 006 | a|||||r|||| 00| 0 | ||
| 007 | ta | ||
| 008 | 221004b |||||||| |||| 00| 0 hin d | ||
| 024 | _a59503 | ||
| 037 | _cTextual | ||
| 040 |
_aCRL _cCRL _bhin |
||
| 041 |
_2hin _ahin |
||
| 082 | _aO152,3N14:g, 33N2 | ||
| 100 |
_aKamala Parsad Au. _9642497 |
||
| 245 | 0 | _aYashpal | |
| 260 | _c1992 | ||
| 650 |
_aHINDI LITERATURE _923866 |
||
| 700 |
_a H.V. Ramachandra Rao Tr. _9642498 |
||
| 942 |
_hO152,3N14:g, 33N2 _cTEXL _2cc |
||
| 999 |
_c1066978 _d1066978 |
||